5HLuxD.jpg

KING HENRY VIII SENIOR AND PRIMARY SCHOOL LIBRARY OPAC

Discoveries in the Overworld / (Record no. 1680)

000 -LEADER
fixed length control field 01225cam a2200337 i 4500
001 - CONTROL NUMBER
control field 18768413
003 - CONTROL NUMBER IDENTIFIER
control field OSt
005 - DATE AND TIME OF LATEST TRANSACTION
control field 20230119074046.0
008 - FIXED-LENGTH DATA ELEMENTS--GENERAL INFORMATION
fixed length control field 150902s2015 nyu j 000 1 eng
010 ## - LIBRARY OF CONGRESS CONTROL NUMBER
LC control number 2015025578
020 ## - INTERNATIONAL STANDARD BOOK NUMBER
International Standard Book Number 9781510703506 (paperback)
040 ## - CATALOGING SOURCE
Original cataloging agency DLC
Language of cataloging eng
Transcribing agency DLC
Description conventions rda
Modifying agency DLC
-- KH8
042 ## - AUTHENTICATION CODE
Authentication code pcc
082 00 - DEWEY DECIMAL CLASSIFICATION NUMBER
Classification number FIC MOR
Edition number 23
100 1# - MAIN ENTRY--PERSONAL NAME
Personal name Morgan, Winter,
Relator term author.
245 10 - TITLE STATEMENT
Title Discoveries in the Overworld /
Statement of responsibility, etc. Winter Morgan.
264 #1 - PRODUCTION, PUBLICATION, DISTRIBUTION, MANUFACTURE, AND COPYRIGHT NOTICE
Place of production, publication, distribution, manufacture New York :
Name of producer, publisher, distributor, manufacturer Sky Pony Press,
Date of production, publication, distribution, manufacture, or copyright notice [2015]
300 ## - PHYSICAL DESCRIPTION
Extent 98 pages ;
Dimensions 21 cm.
336 ## - CONTENT TYPE
Content type term text
Source rdacontent
337 ## - MEDIA TYPE
Media type term unmediated
Source rdamedia
338 ## - CARRIER TYPE
Carrier type term volume
Source rdacarrier
490 0# - SERIES STATEMENT
Series statement Lost Minecraft journals ;
Volume/sequential designation book 1
520 ## - SUMMARY, ETC.
Summary, etc. "A long-lost journal takes three treasure hunters on an epic adventure cloaked in mystery"--Provided by publisher.
521 1# - TARGET AUDIENCE NOTE
Target audience note Ages 7-12.
650 #7 - SUBJECT ADDED ENTRY--TOPICAL TERM
Topical term or geographic name entry element JUVENILE FICTION / Action & Adventure / General.
Source of heading or term bisacsh
650 #7 - SUBJECT ADDED ENTRY--TOPICAL TERM
Topical term or geographic name entry element JUVENILE FICTION / Media Tie-In.
Source of heading or term bisacsh
650 #7 - SUBJECT ADDED ENTRY--TOPICAL TERM
Topical term or geographic name entry element JUVENILE FICTION / Fantasy & Magic.
Source of heading or term bisacsh
906 ## - LOCAL DATA ELEMENT F, LDF (RLIN)
a 7
b cbc
c orignew
d 1
e ecip
f 20
g y-gencatlg
942 ## - ADDED ENTRY ELEMENTS (KOHA)
Source of classification or shelving scheme
Koha item type Books - Fiction
Holdings
Withdrawn status Lost status Source of classification or shelving scheme Damaged status Not for loan Collection code Permanent Location Current Location Shelving location Date acquired Total Checkouts Total Renewals Full call number Barcode Date last seen Date last checked out Price effective from Koha item type
          Fiction KH8 Primary School Library KH8 Primary School Library Fiction 2023-01-19 3 1 FIC MOR KHPL000003441 2025-12-05 2025-08-27 2023-01-19 Books - Fiction
          Fiction KH8 Primary School Library KH8 Primary School Library Fiction 2023-01-20 4   FIC MOR KHPL000003486 2025-12-05 2025-05-23 2023-01-20 Books - Fiction

Powered By KH8 IT Dept